Venezia : i disegni delle Re. Gallerie dell'Accademia /

Saved in:
Bibliographic Details
Main Author: Fogolari, Gino, 1875?-1941.
Format: Book
Language:Italian
Published: Milano : Alfieri & Lacroix, 1913.
Series:Collezione di disegni ; no. 4
Subjects:
Tags: Add Tag
No Tags, Be the first to tag this record!
LEADER 00873cam a2200253I 4500
001 005152375-2
005 20160108183252.0
008 810630s1913 it f b 000 0 ita
010 |a  50050258  
035 0 |a ocm07540948 
040 |a DLC  |c IAH  |d SER  |d HFL  |d HTV 
050 0 |a NC27.V4  |b F6 
100 1 |a Fogolari, Gino,  |d 1875?-1941. 
245 1 0 |a Venezia :  |b i disegni delle Re. Gallerie dell'Accademia /  |c Gino Fogolari. 
260 |a Milano :  |b Alfieri & Lacroix,  |c 1913. 
300 |a 27 p., 100 leaves of plates :  |b ill. ;  |c 17 cm. 
490 0 |a Collezione di disegni ;  |v no. 4 
504 |a Bibliographical footnotes. 
650 0 |a Drawing  |z Italy  |z Venice. 
610 2 0 |a Gallerie dell'Accademia di Venezia. 
610 2 0 |a Gallerie dell'Accademia di Venezia.  |b Gabinetto disegni e stampe  |v Catalogs. 
650 0 |a Drawing  |z Italy  |z Venice  |v Catalogs. 
988 |a 20020608 
906 |0 DLC